000 00371nam a2200145Ia 4500
008 211109s9999||||xx |||||||||||||| ||und||
082 _a947
_bMEN-R
100 _aMenon, K P S
245 0 _aRussian Panorama
260 _bCICC Book House
_aErnakulam
_c1962
300 _a284p.
630 _xGeneral Stack
650 _aHistory
_vRussian History
_xGeneralia
942 _cBOOK
999 _c30478
_d30478